[Event "Championnat de France des Jeunes - Pupil"]
[Site "NIMES"]
[Date "2012.04.14"]
[Round "1.1"]
[White "Duclos, Jean"]
[Black "Mohammad, Fahim"]
[Result "0-1"]
[WhiteElo "1558"]
[BlackElo "1898"]
[Annotator "Rivier,Sylvain"]
[PlyCount "104"]

1. e4 c5 2. Nc3 Nc6 3. g3 g6 4. Bg2 Bg7 5. d3 d6 6. Be3 e5 7. Qd2 Nge7 8. Bh6
Bxh6 9. Qxh6 Nd4 10. Qd2 b5 11. Nge2 Bh3 12. O-O b4 13. Nd1 Bxg2 14. Kxg2 Nxe2
15. Qxe2 O-O 16. Ne3 f5 17. f3 f4 18. Nc4 Nc6 19. c3 Rb8 20. Rab1 Na5 21. d4
cxd4 22. cxd4 Rc8 23. Nxa5 Qxa5 24. dxe5 dxe5 25. Ra1 Rc5 26. Rfd1 Rfc8 27. Rd2
b3 28. Kh3 bxa2 29. b3 Qb6 30. Rdxa2 Qe6+ 31. g4 g5 32. Rb2 h5 33. Rg1 Rc3 34.
Rf1 hxg4+ 35. Kg2 Rxb3 36. Rxb3 Qxb3 37. Qa6 Rc2+ 38. Kh1 Qf7 39. Qd3 Rc8 40.
Rg1 g3 41. hxg3 Rf8 (41... Kf8) 42. Kg2 fxg3 43. Kxg3 g4 44. Kh4 Qh7+ 45. Kg5
Qg7+ 46. Kh4 Qh6+ 47. Kxg4 Qg6+ 48. Kh4 Qxg1 49. Qd5+ Rf7 50. Qd8+ Kg7 51. Qc8
Qh2+ 52. Kg4 Rf4+ 0-1

[Event "Championnat de France des Jeunes - Pupil"]
[Site "NIMES"]
[Date "2012.04.14"]
[Round "1.2"]
[White "O'Sullivan, Thomas"]
[Black "Tranchesset, Alexandre"]
[Result "1-0"]
[WhiteElo "1863"]
[BlackElo "1555"]
[PlyCount "109"]

1. d4 d5 2. c4 c6 3. Nc3 Nf6 4. Nf3 e6 5. e3 Nbd7 6. b3 Bb4 7. Bd2 O-O 8. Bd3
dxc4 9. bxc4 c5 10. O-O b6 11. d5 exd5 12. cxd5 Bb7 13. e4 Re8 14. Re1 a6 15.
Qb3 Qc7 16. a4 Re7 17. Bg5 Rae8 18. Nd2 Bxc3 19. Qxc3 Nxd5 20. Qb3 N5f6 21. Qc2
h6 22. Bh4 Re5 23. Bg3 Ng4 24. Nc4 Qd8 25. Nxe5 Ndxe5 26. Rad1 Qf6 27. h3 Nxd3
28. Qxd3 Ne5 29. Bxe5 Qxe5 30. Qd6 Qe6 31. Qxe6 Rxe6 32. e5 b5 33. axb5 axb5
34. f4 c4 35. f5 Rb6 36. Rd8+ Kh7 37. e6 fxe6 38. fxe6 c3 39. e7 Bc6 40. Rd6
Rb8 41. Rxc6 Re8 42. Rxc3 Kg6 43. Rb3 Kf7 44. Rxb5 Rxe7 45. Rxe7+ Kxe7 46. Kf2
Kf7 47. Kf3 Kg6 48. Kf4 Kh7 49. Kf5 g6+ 50. Kf6 h5 51. Rb7+ Kh6 52. Rg7 h4 53.
Rxg6+ Kh7 54. Kf7 Kh8 55. Rh6# 1-0

[Event "Championnat de France des Jeunes - Pupil"]
[Site "NIMES"]
[Date "2012.04.14"]
[Round "1.3"]
[White "Ferriz, Simon"]
[Black "Lamblin, Jean"]
[Result "0-1"]
[WhiteElo "1550"]
[BlackElo "1791"]
[PlyCount "101"]

1. e4 c5 2. Nf3 Nc6 3. d4 cxd4 4. Nxd4 Nf6 5. Nc3 e5 6. Nf3 Bb4 7. Bd3 d5 8.
Bd2 Bxc3 9. Bxc3 dxe4 10. Bxe4 Qxd1+ 11. Rxd1 Nxe4 12. Bxe5 Nxe5 13. Nxe5 O-O
14. O-O Be6 15. Rfe1 Nf6 16. h3 Rfd8 17. a3 Rac8 18. Kh1 g6 19. c3 Bb3 20.
Rxd8+ Rxd8 21. Nf3 Rd1 22. Rxd1 Bxd1 23. Nd4 Ba4 24. Kh2 Kf8 25. Kg3 Ke7 26.
Kf4 h5 27. Ke5 Nd7+ 28. Kd5 Nb8 29. Ke5 Nc6+ 30. Nxc6+ Bxc6 31. g3 Bd7 32. h4
Be6 33. b4 Kd7 34. Kd4 Kc6 35. c4 Kd6 36. f4 Kc6 37. Kc3 a5 38. Kd4 b6 39. Kc3
Bd7 40. Kd4 Kd6 41. Ke4 Bf5+ 42. Kd4 Bd7 43. Kc3 axb4+ 44. axb4 b5 45. cxb5
Bxb5 46. Kd4 f6 47. Ke4 Ke6 48. Kf3 Kf5 49. Kg2 Kg4 50. Kf2 Bc6 51. b5 0-1

[Event "Championnat de France des Jeunes - Pupil"]
[Site "NIMES"]
[Date "2012.04.14"]
[Round "1.4"]
[White "Callet, Antoine"]
[Black "Laurent-Paoli, Pierre"]
[Result "1/2-1/2"]
[WhiteElo "1778"]
[BlackElo "1539"]
[PlyCount "141"]

1. e4 c6 2. d4 d5 3. exd5 cxd5 4. c4 Nf6 5. Nc3 e6 6. Nf3 Be7 7. cxd5 Nxd5 8.
Bb5+ Bd7 9. Bxd7+ Nxd7 10. Nxd5 exd5 11. O-O O-O 12. Re1 Nf6 13. Bg5 Re8 14.
Qb3 Qb6 15. Qxb6 axb6 16. Rac1 Ne4 17. Bxe7 Rxe7 18. Nd2 Rae8 19. f3 Nd6 20.
Rxe7 Rxe7 21. Kf2 f6 22. g4 Kf7 23. a4 Kg6 24. Nb1 Nc4 25. b3 Na5 26. Rc3 Nc6
27. Re3 h5 28. h3 hxg4 29. hxg4 f5 30. Rxe7 Nxe7 31. Nc3 fxg4 32. fxg4 Kg5 33.
Kg3 Nc6 34. Nxd5 Nxd4 35. Nxb6 Nxb3 36. Nd7 Kg6 37. Kf4 Kf7 38. Kg5 Ke7 39. Nb6
Kf7 40. Nc4 Nc5 41. a5 g6 42. Nd6+ Kg7 43. Nxb7 Nxb7 44. a6 Nc5 45. a7 Ne6+ 46.
Kh4 Nc7 47. Kg5 Na8 48. Kf4 Kf6 49. Ke4 Nc7 50. Kd3 Ke5 51. Kc4 Kd6 52. Kd3 Kd5
53. Kc3 g5 54. Kd3 Na8 55. Kc3 Nc7 56. Kd3 Na8 57. Kc3 Nc7 58. Kd3 Kd6 59. Kd2
Ke5 60. Ke3 Na8 61. Kd3 Kf4 62. Kc4 Kxg4 63. Kb5 Kf5 64. Kc6 g4 65. Kb7 g3 66.
Kxa8 g2 67. Kb7 g1=Q 68. a8=Q Qg2+ 69. Ka7 Qa2+ 70. Kb7 Qxa8+ 71. Kxa8 1/2-1/2

[Event "Championnat de France des Jeunes - Pupil"]
[Site "NIMES"]
[Date "2012.04.14"]
[Round "1.5"]
[White "Allonge, Nicolas"]
[Black "Burri, Quentin"]
[Result "0-1"]
[WhiteElo "1538"]
[BlackElo "1768"]
[PlyCount "66"]

1. e4 c5 2. Nf3 d6 3. d4 cxd4 4. Qxd4 Nc6 5. Bb5 Bd7 6. Bxc6 Bxc6 7. Nc3 Nf6 8.
Bg5 e6 9. O-O-O Be7 10. Rhe1 O-O 11. e5 dxe5 12. Qh4 Qc7 13. Nxe5 Rfd8 14. Ng4
Rxd1+ 15. Rxd1 Nxg4 16. Bxe7 Nh6 17. Bg5 Nf5 18. Qh3 h6 19. Bd2 Rd8 20. g4 Ne7
21. Rg1 b5 22. g5 g6 23. gxh6 Kh7 24. Bg5 Rc8 25. Rg4 Nf5 26. Bf4 Qa5 27. Be3
b4 28. Nb1 Qxa2 29. Rxb4 Qd5 30. b3 a5 31. Rc4 a4 32. Kb2 Rb8 33. Nc3 Qxc4 0-1

[Event "Championnat de France des Jeunes - Pupil"]
[Site "NIMES"]
[Date "2012.04.15"]
[Round "2.1"]
[White "Mohammad, Fahim"]
[Black "Dodart, Guillaume"]
[Result "1-0"]
[WhiteElo "1898"]
[BlackElo "1632"]
[PlyCount "39"]
[EventDate "2012.??.??"]

1. d4 d5 2. c4 Bf5 3. Nc3 e6 4. cxd5 exd5 5. Qb3 Nc6 6. Nf3 Nb4 7. e4 dxe4 8.
Ne5 Be6 9. Bc4 Bxc4 10. Qxc4 Nd3+ 11. Nxd3 exd3 12. O-O Nf6 13. Bf4 c6 14.
Rfe1+ Be7 15. Qc5 Kf8 16. Rxe7 Qxe7 17. Bd6 Re8 18. Bxe7+ Rxe7 19. Re1 Ng8 20.
Qd6 1-0

[Event "Championnat de France des Jeunes - Pupil"]
[Site "NIMES"]
[Date "2012.04.15"]
[Round "2.2"]
[White "Jouniaux, Quentin"]
[Black "O'Sullivan, Thomas"]
[Result "1-0"]
[WhiteElo "1625"]
[BlackElo "1863"]
[PlyCount "95"]

1. d4 Nf6 2. Nf3 d6 3. Bg5 Nbd7 4. c4 g6 5. Nc3 Bg7 6. e4 O-O 7. Be2 c5 8. O-O
a6 9. Qd2 Qa5 10. Bh6 cxd4 11. Nxd4 Rd8 12. Bxg7 Kxg7 13. f4 e5 14. Nb3 Qb6+
15. Kh1 Nc5 16. Qe3 Re8 17. fxe5 Rxe5 18. Rxf6 Kxf6 19. Nd5+ Rxd5 20. exd5 Kg7
21. Qd4+ Kg8 22. Rf1 Bf5 23. Qf2 Re8 24. Bg4 Re5 25. Be2 Qc7 26. Nd2 Qe7 27.
Bf3 Nd3 28. Qd4 Re1 29. Kg1 Ne5 30. Qf2 Nd3 31. Rxe1 Nxe1 32. h3 Qe5 33. Be2
Nd3 34. Bxd3 Bxd3 35. Nf3 Qf4 36. Nd2 Qg5 37. b3 b5 38. Nf3 Qc1+ 39. Qe1 Qb2
40. Qd2 Qb1+ 41. Kh2 bxc4 42. Qb4 cxb3 43. Qb8+ Kg7 44. Qxd6 bxa2 45. Qe5+ f6
46. Qe7+ Kh6 47. Qf8+ Kh5 48. g4# 1-0

[Event "Championnat de France des Jeunes - Pupil"]
[Site "NIMES"]
[Date "2012.04.15"]
[Round "2.3"]
[White "Lamblin, Jean"]
[Black "Blanchet, Mathieu"]
[Result "1/2-1/2"]
[WhiteElo "1791"]
[BlackElo "1626"]
[PlyCount "42"]

1. d4 Nf6 2. Nf3 g6 3. c4 Bg7 4. Nc3 d6 5. e4 O-O 6. g3 e5 7. Bg2 Nbd7 8. O-O
a5 9. h3 c6 10. Be3 Qe7 11. Re1 Ne8 12. Rc1 f5 13. Bg5 Qf7 14. exf5 gxf5 15.
dxe5 dxe5 16. Nh2 Kh8 17. Be3 Qxc4 18. Ne4 Qf7 19. Nc3 Qc4 20. Ne4 Qf7 21. Nc3
Qc4 1/2-1/2

[Event "Championnat de France des Jeunes - Pupil"]
[Site "NIMES"]
[Date "2012.04.15"]
[Round "2.4"]
[White "Burri, Quentin"]
[Black "Raynaud, Jean Philippe"]
[Result "1-0"]
[WhiteElo "1768"]
[BlackElo "1618"]
[PlyCount "47"]

1. e4 c6 2. d4 d5 3. e5 c5 4. dxc5 e6 5. a3 Bxc5 6. b4 Bb6 7. Nf3 Nc6 8. Bb2
Nge7 9. Bd3 O-O 10. h4 Ng6 11. b5 Nce7 12. g3 Nf5 13. h5 Nge7 14. g4 Nh6 15.
Ng5 Ba5+ 16. Kf1 g6 17. Bc1 Bb6 18. f3 Qc7 19. Qe2 Qc5 20. Nxh7 Nxg4 21. fxg4
Kxh7 22. hxg6+ Kg7 23. gxf7 Kxf7 24. Qh2 1-0

[Event "Championnat de France des Jeunes - Pupil"]
[Site "NIMES"]
[Date "2012.04.15"]
[Round "2.5"]
[White "Coiffait, Pierre-Basile"]
[Black "Gautier, Anand"]
[Result "1/2-1/2"]
[WhiteElo "1595"]
[BlackElo "1760"]
[PlyCount "231"]

1. e4 c5 2. Nf3 d6 3. d4 cxd4 4. Nxd4 Nf6 5. Nc3 a6 6. a4 b6 7. f3 e6 8. Be3
Bb7 9. Bc4 Be7 10. O-O Nbd7 11. Qd2 Ne5 12. Bb3 Rc8 13. Qe2 Qc7 14. Rfd1 Nc4
15. Bxc4 Qxc4 16. Qxc4 Rxc4 17. Nb3 Nd7 18. Rd2 O-O 19. Rad1 Rfc8 20. Bf2 h5
21. Bg3 e5 22. Bf2 R4c7 23. Be3 Nc5 24. Nxc5 bxc5 25. Nd5 Bxd5 26. Rxd5 Rb7 27.
Rb1 Rcb8 28. b3 g6 29. h3 f5 30. Bd2 Kf7 31. Kf2 Ke6 32. Ke2 g5 33. Rd1 Rg8 34.
Be1 f4 35. Bc3 Rbb8 36. Rf1 g4 37. hxg4 hxg4 38. Be1 gxf3+ 39. gxf3 Rg2+ 40.
Rf2 Rbg8 41. Rd1 R8g6 42. c4 Rg1 43. Rf1 R6g2+ 44. Bf2 Rxf1 45. Rxf1 Bh4 46. a5
Bd8 47. Ra1 Kd7 48. Kf1 Rh2 49. Kg1 Rh7 50. Be1 Ke6 51. Kg2 Kf7 52. Rd1 Ke6 53.
Ra1 Rb7 54. Rb1 Kf7 55. Kh3 Kg6 56. Kg2 Kh5 57. Kf1 Rg7 58. Rb2 Rb7 59. Rb1 Rh7
60. Rb2 Kg6 61. Rg2+ Kf7 62. Kg1 Be7 63. Rh2 Rg7+ 64. Rg2 Bg5 65. Bf2 Kf6 66.
Be1 Rb7 67. Rb2 Rh7 68. Rh2 Rb7 69. Rb2 Rb8 70. Bc3 Bh4 71. Kf1 Bg3 72. Be1 Rh8
73. Bf2 Kg5 74. Rd2 Rh6 75. Kg2 Rh2+ 76. Kg1 Rh6 77. Kg2 Bxf2 78. Rxf2 Kh4 79.
Kh2 Rh7 80. Rg2 Rb7 81. Rb2 Rb8 82. Rb1 Rg8 83. Rd1 Rg3 84. Rxd6 Rxf3 85. Rxa6
Rxb3 86. Ra8 Rb2+ 87. Kg1 Kg3 88. Rg8+ Kf3 89. a6 Ra2 90. Ra8 Kxe4 91. a7 Kf3
92. Re8 Rxa7 93. Rxe5 Rc7 94. Kf1 Rb7 95. Ke1 Rb1+ 96. Kd2 Kg2 97. Rg5+ Kf2 98.
Rxc5 f3 99. Rb5 Ra1 100. c5 Ra8 101. c6 Kf1 102. Ke3 f2 103. Kd4 Rf8 104. c7
Ke2 105. Rb2+ Ke1 106. Rb1+ Ke2 107. Kd5 f1=Q 108. Rxf1 Kxf1 109. Kd6 Ke2 110.
Kd7 Rf7+ 111. Kd8 Rf8+ 112. Kd7 Rf7+ 113. Kd8 Rf8+ 114. Kd7 Rf7+ 115. Kd8 Rxc7
116. Kxc7 1/2-1/2

[Event "Championnat de France des Jeunes - Pupil"]
[Site "NIMES"]
[Date "2012.04.15"]
[Round "3.2"]
[White "Sahki, Saphir"]
[Black "Burri, Quentin"]
[Result "1/2-1/2"]
[WhiteElo "1593"]
[BlackElo "1768"]
[PlyCount "138"]

1. e4 c5 2. Nf3 d6 3. c3 Nf6 4. d3 Bg4 5. Be2 Nc6 6. Be3 e6 7. c4 Qb6 8. Qd2
Nd4 9. Bxd4 cxd4 10. O-O e5 11. Qc2 Rc8 12. Nbd2 Be7 13. h3 Bd7 14. a3 Qc7 15.
b4 b5 16. Rfc1 a6 17. Qb2 Qb8 18. Rc2 h5 19. Rac1 Bd8 20. Nb3 bxc4 21. Rxc4
Rxc4 22. Rxc4 Bb5 23. Rc2 h4 24. Nh2 Bb6 25. Qc1 Bd8 26. Rc8 Qb6 27. Rc2 Nxe4
28. dxe4 d3 29. Bxd3 Bxd3 30. Rc6 Qb8 31. Qd2 Bb5 32. Qxd6 Qxd6 33. Rxd6 Ke7
34. Rd2 Bb6 35. Nf3 f6 36. Ne1 Rc8 37. Nf3 g5 38. Rb2 Rc3 39. Nfd2 Ke6 40. Ra2
Ba4 41. Rb2 Kd6 42. Kf1 Kc6 43. Ke1 Kb5 44. Ke2 Ba7 45. Ke1 Bxb3 46. Rxb3 Bd4
47. Ke2 Ka4 48. Rxc3 Bxc3 49. Nc4 Kb3 50. Nd6 Kxa3 51. b5 axb5 52. Nxb5+ Kb3
53. Nd6 Bb4 54. Ne8 Be7 55. Kf3 Kc3 56. Kg4 Kd3 57. Kf5 Ke2 58. Nxf6 Kxf2 59.
Nd5 Bd8 60. Kg4 Kxg2 61. Nb4 Be7 62. Nc6 Bd6 63. Nd8 Be7 64. Nf7 Bf6 65. Kf5
Be7 66. Kg4 Bf6 67. Kf5 Be7 68. Kg4 Bf6 69. Kf5 Be7 1/2-1/2

[Event "Championnat de France des Jeunes - Pupil"]
[Site "NIMES"]
[Date "2012.04.15"]
[Round "3.3"]
[White "Ferrari, Louis"]
[Black "Francois, Adrien"]
[Result "1-0"]
[WhiteElo "1750"]
[BlackElo "1579"]
[PlyCount "119"]

1. Nf3 Nf6 2. c4 e6 3. Nc3 d5 4. d4 c5 5. Bg5 cxd4 6. Qxd4 Nc6 7. Qd1 d4 8. Nb1
Qa5+ 9. Bd2 Qb6 10. Qc1 Ne4 11. g3 e5 12. Bg2 Nd6 13. c5 Qd8 14. cxd6 Bxd6 15.
O-O Bd7 16. e3 Rc8 17. Qd1 Bg4 18. Qb3 Qd7 19. Re1 O-O 20. Na3 Rfe8 21. Nb5 Be6
22. Qd1 Bg4 23. Nxd6 Qxd6 24. h3 Bxf3 25. Bxf3 e4 26. Bg4 Rcd8 27. exd4 Nxd4
28. Bc3 f5 29. Qxd4 Qxd4 30. Bxd4 fxg4 31. Rad1 gxh3 32. Kh2 Re6 33. Be3 Rc8
34. Rc1 Rec6 35. Rxc6 Rxc6 36. Rc1 Rxc1 37. Bxc1 Kf7 38. Kxh3 Ke6 39. Kg4 a6
40. Kf4 Kd5 41. Bd2 b5 42. Bc3 g6 43. a3 h6 44. Bg7 g5+ 45. Ke3 h5 46. Bf6 h4
47. gxh4 gxh4 48. Bxh4 a5 49. Bd8 a4 50. Bf6 Ke6 51. Bc3 Kd5 52. Bh8 Kd6 53.
Kxe4 Ke6 54. f4 Kf7 55. f5 Ke7 56. f6+ Ke6 57. Kd4 Kd6 58. Bg7 Ke6 59. Kc5 Kf7
60. Kxb5 1-0

[Event "Championnat de France des Jeunes - Pupil"]
[Site "NIMES"]
[Date "2012.04.15"]
[Round "3.4"]
[White "Lefebvre, Alexandre"]
[Black "Lafortune, Emerick"]
[Result "0-1"]
[WhiteElo "1569"]
[BlackElo "1750"]
[PlyCount "70"]

1. d4 Nf6 2. c4 e6 3. Nc3 Bb4 4. Bg5 c5 5. d5 Bxc3+ 6. bxc3 exd5 7. cxd5 d6 8.
e4 Nbd7 9. Bb5 h6 10. Bxd7+ Bxd7 11. Bxf6 Qxf6 12. Qc2 Qg6 13. f3 f5 14. Nh3
fxe4 15. Nf4 Qf5 16. Qxe4+ Qxe4+ 17. fxe4 O-O 18. O-O Rf7 19. Ng6 Rxf1+ 20.
Rxf1 Re8 21. Re1 Bf5 22. Nf4 Rxe4 23. Rxe4 Bxe4 24. Kf2 g5 25. Ke3 Bb1 26. Ne6
Bxa2 27. Ke4 Bb1+ 28. Ke3 Bf5 29. Nc7 Bd7 30. c4 Kf7 31. Nb5 Bxb5 32. cxb5 a6
33. b6 Kf6 34. Kd3 Ke5 35. Kc4 Ke4 0-1

[Event "Championnat de France des Jeunes - Pupil"]
[Site "NIMES"]
[Date "2012.04.15"]
[Round "3.5"]
[White "Roussel, Simon"]
[Black "Fort, Armand"]
[Result "0-1"]
[WhiteElo "1565"]
[BlackElo "1741"]
[PlyCount "128"]

1. e4 c5 2. Nf3 Nc6 3. d4 cxd4 4. Nxd4 e6 5. Nc3 Nf6 6. Be2 Be7 7. Be3 O-O 8.
O-O a6 9. f4 Qc7 10. e5 Ne8 11. Bd3 d6 12. Rf3 dxe5 13. Bxh7+ Kh8 14. Nxc6 bxc6
15. Rh3 Nf6 16. fxe5 Qxe5 17. Kh1 Nxh7 18. Bd4 Qf5 19. Qe2 Bf6 20. Rf1 Qg6 21.
Bxf6 gxf6 22. Ne4 f5 23. Nd6 Bd7 24. Rff3 f4 25. Rxf4 e5 26. Qxe5+ f6 27. Qh5
Qxh5 28. Rxh5 Kg7 29. g4 Rad8 30. Nb7 Rde8 31. Nc5 Re1+ 32. Kg2 Bc8 33. Kf2
Rfe8 34. Nd3 R1e2+ 35. Kg1 Rxc2 36. Rf2 Rxf2 37. Nxf2 Re1+ 38. Kg2 Re2 39. Rc5
Bb7 40. b4 Rxa2 41. Ra5 Rb2 42. Kg3 Rxb4 43. h3 Ng5 44. h4 Ne4+ 45. Nxe4 Rxe4
46. h5 Re5 47. Ra3 c5 48. Rb3 Re7 49. Rc3 Rc7 50. h6+ Kxh6 51. g5+ fxg5 52. Kg4
c4 53. Kg3 a5 54. Kh2 a4 55. Kg3 a3 56. Rxa3 c3 57. Ra1 c2 58. Rc1 Be4 59. Kh2
Rb7 60. Ra1 Rb1 61. Ra6+ Kh5 62. Kg3 c1=Q 63. Ra2 Qc3+ 64. Kh2 Rh1# 0-1

[Event "Championnat de France des Jeunes - Pupil"]
[Site "NIMES"]
[Date "2012.04.16"]
[Round "4.1"]
[White "Mohammad, Fahim"]
[Black "Ariza, Thomas"]
[Result "1-0"]
[WhiteElo "1898"]
[BlackElo "1679"]
[PlyCount "100"]

1. d4 e6 2. c4 Nf6 3. Nf3 b6 4. g3 Bb7 5. Bg2 Be7 6. O-O O-O 7. d5 exd5 8. Nh4
Na6 9. cxd5 Nc5 10. Nc3 Ne8 11. Nf5 Nd6 12. Nxd6 Bxd6 13. Nb5 Be5 14. f4 Bf6
15. Nc3 Bxc3 16. bxc3 f5 17. Bb2 Qe7 18. c4 Ne4 19. Kh1 Rae8 20. Bf3 Qc5 21.
Rc1 Qe7 22. Bd4 c5 23. Ba1 d6 24. a4 Ba6 25. Qc2 Qd7 26. g4 Re7 27. g5 Rfe8 28.
Kg2 Kf7 29. h4 Rg8 30. Bh5+ Kf8 31. Rb1 g6 32. Bf3 Qe8 33. Rh1 Qd7 34. Rh3 Ke8
35. h5 Kd8 36. Qa2 Kc8 37. e3 Kc7 38. Be2 Rge8 39. a5 Kb7 40. Bd1 Qc7 41. Ba4
Rg8 42. Bc6+ Kb8 43. axb6 Qc8 44. Rhh1 h6 45. Rb3 gxh5 46. b7 Bxb7 47. Rhb1
hxg5 48. Rxb7+ Rxb7 49. Rxb7+ Qxb7 50. Bxb7 a6 1-0

[Event "Championnat de France des Jeunes - Pupil"]
[Site "NIMES"]
[Date "2012.04.16"]
[Round "4.2"]
[White "Fort, Armand"]
[Black "Ferrari, Louis"]
[Result "1-0"]
[WhiteElo "1741"]
[BlackElo "1750"]
[PlyCount "104"]

1. d4 Nf6 2. Nf3 c5 3. c3 Qb6 4. Qc2 d5 5. Bf4 Nc6 6. e3 g6 7. Nbd2 Bg7 8. Be2
Nh5 9. Bg3 Nxg3 10. hxg3 Bf5 11. Qb3 c4 12. Qxb6 axb6 13. O-O O-O 14. b3 b5 15.
Nh4 Bd7 16. a4 Na7 17. axb5 Bxb5 18. bxc4 dxc4 19. Bxc4 Rfc8 20. Bxb5 Nxb5 21.
c4 Nc3 22. Nhf3 f6 23. Kh2 e5 24. Rxa8 Rxa8 25. Rc1 Ne2 26. Rc2 exd4 27. exd4
f5 28. Nb3 Re8 29. d5 Nc3 30. Nbd4 Ne4 31. Ne6 Nf6 32. Nxg7 Kxg7 33. Rb2 Ng4+
34. Kg1 Re7 35. d6 Rd7 36. c5 Kf6 37. Kf1 Ke6 38. Rd2 h6 39. Ke2 Nf6 40. Nd4+
Kf7 41. f3 Nh5 42. Kf2 Nf6 43. Re2 Nd5 44. Nb3 Nc3 45. Rc2 Nd5 46. Na5 Nb4 47.
Rc3 Nc6 48. Nc4 Nb8 49. Ne5+ Ke6 50. Nxd7 Nxd7 51. Ke3 Kd5 52. f4 Nxc5 1-0

[Event "Championnat de France des Jeunes - Pupil"]
[Site "NIMES"]
[Date "2012.04.16"]
[Round "4.3"]
[White "Lafortune, Emerick"]
[Black "Frantz, Arthur"]
[Result "1-0"]
[WhiteElo "1750"]
[BlackElo "1637"]
[PlyCount "49"]

1. e4 e5 2. Nf3 Nc6 3. Bb5 Nf6 4. O-O Nxe4 5. Re1 Nd6 6. Ba4 Be7 7. Nxe5 Nxe5
8. Rxe5 O-O 9. d3 b6 10. Qg4 Bf6 11. Re3 Re8 12. Nd2 b5 13. Bb3 a6 14. Nf1 Bb7
15. c3 Nc8 16. Rh3 Nd6 17. Bf4 Rf8 18. Ng3 Qe7 19. Nh5 Rfe8 20. Kf1 Be5 21. Bg5
Qf8 22. f4 Bxc3 23. bxc3 Bc6 24. Nf6+ Kh8 25. Rxh7# 1-0

[Event "Championnat de France des Jeunes - Pupil"]
[Site "NIMES"]
[Date "2012.04.16"]
[Round "4.4"]
[White "Chesterkine, Vassili"]
[Black "Gautier, Anand"]
[Result "1-0"]
[WhiteElo "1706"]
[BlackElo "1760"]
[PlyCount "179"]

1. e4 c5 2. Nf3 Nc6 3. d4 cxd4 4. Nxd4 Nf6 5. Nc3 e6 6. Ndb5 Bb4 7. a3 Bxc3+ 8.
Nxc3 d5 9. exd5 exd5 10. Bd3 O-O 11. O-O d4 12. Ne2 Bg4 13. Bg5 h6 14. Bh4 Qd6
15. Qd2 Rfe8 16. Bg3 Qd7 17. Rfe1 Rad8 18. Nf4 Ne5 19. Bf1 g5 20. Nd3 Nc4 21.
Qb4 Qd5 22. Bc7 a5 23. Qb3 Rc8 24. Rxe8+ Nxe8 25. Bg3 Be6 26. Rd1 Nf6 27. Ne1
Ne4 28. Nf3 Nc5 29. Qxc4 Qxc4 30. Bxc4 Bxc4 31. Rxd4 Be6 32. h3 Bf5 33. Ne1 a4
34. f3 f6 35. Bf2 Be6 36. Rd6 Kf7 37. Rd2 Nd7 38. Nd3 Ne5 39. Nxe5+ fxe5 40.
Bg3 Kf6 41. Kf2 Bf5 42. c3 Ke6 43. Ke3 Rc6 44. Rd8 Rb6 45. Rd2 h5 46. Bf2 Rd6
47. g4 hxg4 48. hxg4 Bg6 49. Rxd6+ Kxd6 50. Kd2 Kd5 51. Be3 e4 52. Bxg5 exf3
53. Ke3 Kc4 54. Kxf3 Kb3 55. Be7 Kxb2 56. Bb4 Kb3 57. Kf4 Kc4 58. Ke5 Kb5 59.
Kf6 Bd3 60. g5 Kc6 61. g6 Kd7 62. Kf7 Bc4+ 63. Kf8 Kc6 64. g7 Kb5 65. g8=Q Bxg8
66. Kxg8 Kc6 67. Kf8 b5 68. Ke7 Kb7 69. Kd6 Ka7 70. Kc5 Ka6 71. Kc6 Ka7 72.
Kxb5 Kb7 73. Kxa4 Kb6 74. c4 Kb7 75. Kb5 Kc7 76. a4 Kb7 77. c5 Kc7 78. c6 Kb8
79. Kb6 Ka8 80. a5 Kb8 81. c7+ Kc8 82. a6 Kd7 83. Kb7 Ke6 84. c8=Q+ Kd5 85. Qg4
Ke5 86. Kc6 Kf6 87. Kd6 Kf7 88. Qg5 Kf8 89. Ke6+ Ke8 90. Qg8# 1-0

[Event "Championnat de France des Jeunes - Pupil"]
[Site "NIMES"]
[Date "2012.04.16"]
[Round "4.5"]
[White "Kieffer, Anatole"]
[Black "Lamblin, Jean"]
[Result "0-1"]
[WhiteElo "1683"]
[BlackElo "1791"]
[PlyCount "78"]

1. e4 c5 2. Nf3 Nc6 3. Nc3 Nf6 4. d4 cxd4 5. Nxd4 e6 6. Ndb5 d6 7. Bg5 a6 8.
Nd4 Be7 9. Nb3 e5 10. Bxf6 Bxf6 11. Nd5 Be6 12. c4 O-O 13. g3 Bg5 14. Bg2 f5
15. O-O f4 16. Qd3 Rc8 17. Nd2 Nd4 18. b3 Bg4 19. Nf3 Bxf3 20. Bxf3 Qe8 21. Bg4
Rd8 22. f3 h5 23. Bh3 h4 24. g4 Rc8 25. Rf2 Qc6 26. Rc1 Kf7 27. b4 b5 28. c5
Qb7 29. Rc3 dxc5 30. bxc5 Qa7 31. Nb6 Rc6 32. a4 Rd8 33. Qb1 Be7 34. Qa2+ Kf8
35. Nd5 Rxc5 36. Rd3 b4 37. Rxd4 Rc1+ 38. Kg2 Qxd4 39. g5 Bc5 0-1

[Event "Championnat de France des Jeunes - Pupil"]
[Site "NIMES"]
[Date "2012.04.17"]
[Round "5.1"]
[White "Fort, Armand"]
[Black "Mohammad, Fahim"]
[Result "0-1"]
[WhiteElo "1741"]
[BlackElo "1898"]
[PlyCount "78"]

1. d4 d5 2. Nf3 Nf6 3. Bf4 c5 4. e3 Nc6 5. Nbd2 Bf5 6. c3 Qb6 7. Qb3 c4 8. Qxb6
axb6 9. h3 h6 10. Be2 e6 11. O-O Be7 12. a4 O-O 13. Rfc1 Ra5 14. b3 Rfa8 15.
bxc4 Rxa4 16. Rxa4 Rxa4 17. Bc7 Ra2 18. Bf1 Ba3 19. Re1 Bb2 20. Bxb6 Bxc3 21.
Rd1 Rb2 22. Bc5 Nb4 23. Bxb4 Bxb4 24. c5 Kf8 25. g4 Bh7 26. Kg2 Ke7 27. Kg1 Nd7
28. Bb5 Bxd2 29. Bxd7 Bxe3 30. fxe3 Kxd7 31. Rd2 Rxd2 32. Nxd2 Kc6 33. Kf2 Kb5
34. Kf3 Kb4 35. Kf4 Kc3 36. Nb1+ Bxb1 37. Ke5 Bd3 38. Kd6 Kd2 39. Kc7 Ba6 0-1

[Event "Championnat de France des Jeunes - Pupil"]
[Site "NIMES"]
[Date "2012.04.17"]
[Round "5.2"]
[White "Chesterkine, Vassili"]
[Black "Lafortune, Emerick"]
[Result "1-0"]
[WhiteElo "1706"]
[BlackElo "1750"]
[PlyCount "85"]

1. e4 c5 2. Nf3 Nc6 3. d4 cxd4 4. Nxd4 g6 5. c4 Bg7 6. Be3 Nf6 7. Nc3 Ng4 8.
Qxg4 Nxd4 9. Qd1 Ne6 10. Rc1 Qa5 11. Qd2 h6 12. Be2 b6 13. O-O Bb7 14. f3 g5
15. Rfd1 Rd8 16. b3 Qe5 17. Nb5 Qb8 18. Nd4 Be5 19. h3 Nf4 20. Bf1 Nh5 21. Nf5
Nf4 22. Bd4 h5 23. Qb4 Ng6 24. Bxe5 Qxe5 25. c5 Bc6 26. cxb6 Rb8 27. Rc5 Rxb6
28. Qa5 Qb8 29. Qd2 d6 30. Rc3 g4 31. h4 gxf3 32. gxf3 Rg8 33. Nh6 Rh8 34. Nf5
Ne5 35. Kf2 Rg8 36. Bh3 Ra6 37. Nd4 Qb6 38. Rc2 d5 39. exd5 Bd7 40. Bxd7+ Kxd7
41. Qe3 Qg6 42. Qxe5 Rxa2 43. Qc7+ 1-0

[Event "Championnat de France des Jeunes - Pupil"]
[Site "NIMES"]
[Date "2012.04.17"]
[Round "5.3"]
[White "Lamblin, Jean"]
[Black "Burri, Quentin"]
[Result "1/2-1/2"]
[WhiteElo "1791"]
[BlackElo "1768"]
[PlyCount "109"]

1. d4 d5 2. Nf3 Nf6 3. c4 c6 4. Nc3 dxc4 5. a4 Na6 6. e3 Bg4 7. Bxc4 e6 8. O-O
Be7 9. Bd3 Nb4 10. Bb1 Qc7 11. Ne4 Nxe4 12. Bxe4 Rd8 13. Bd2 Nd5 14. Bd3 Nf6
15. Be2 Ne4 16. Rc1 Bd6 17. h3 Bh5 18. Ne1 Bxe2 19. Qxe2 h5 20. b4 Qb8 21. b5
c5 22. Nf3 b6 23. Rfd1 g5 24. dxc5 Bxc5 25. Bc3 Rxd1+ 26. Qxd1 Nxc3 27. Rxc3 g4
28. Nd4 gxh3 29. Nc6 Qc7 30. Rd3 O-O 31. Qxh5 f5 32. Qg6+ Qg7 33. Qxg7+ Kxg7
34. Rd7+ Kf6 35. gxh3 Rg8+ 36. Kf1 Rh8 37. Kg2 Rg8+ 38. Kh2 f4 39. exf4 Bxf2
40. Rxa7 Bg3+ 41. Kg2 Bxf4+ 42. Kf3 e5 43. Rb7 Rg3+ 44. Kf2 Ra3 45. Ra7 Ra2+
46. Kf3 Ra3+ 47. Ke2 e4 48. a5 Ra2+ 49. Kf1 e3 50. Re7 bxa5 51. Re4 Kf5 52. Re8
Kf6 53. Re4 Kf5 54. Re8 Kf6 55. Re4 1/2-1/2